[Event "Pic d'Anie op 3rd"]
[Site "Pic d'Anie"]
[Date "2006.08.11"]
[Round "5"]
[White "Bouhana, Paul Alexandre"]
[Black "Ivanova, Svetlana"]
[Result "0-1"]
[WhiteElo "2012"]
[BlackElo "2192"]
[PlyCount "82"]
[EventDate "2006.08.07"]
[EventType "swiss"]
[EventRounds "7"]
[EventCountry "FRA"]
[SourceTitle "CBM 113 Extra"]
[Source "ChessBase"]
[SourceDate "2006.09.14"]
[SourceVersion "1"]
[SourceVersionDate "2006.09.14"]
[SourceQuality "1"]

1. d4 f5 2. Nf3 Nf6 3. Bf4 e6 4. e3 Be7 5. h3 b6 6. Be2 Bb7 7. 0-0 0-0 8. c4 d6 9. Nc3 Ne4 10. Rc1 Nxc3 11. Rxc3 Nd7 12. Qb3 Kh8 13. Rd1 Qe8 14. c5 Bd5 15. Qa4 bxc5 16. Bb5 Bxf3 17. gxf3 Qg6+ 18. Kh2 Nb6 19. Qa5 Nd5 20. dxc5 Nxc3 21. bxc3 e5 22. Qxc7 Bf6 23. Bg3 f4 24. exf4 Qc2 25. Rg1 exf4 26. Bxf4 Qxf2+ 27. Rg2 Qxc5 28. Qxc5 dxc5 29. Bd6 Rf7 30. Rc2 Be7 31. Bg3 Rd8 32. Re2 Bf6 33. Bd6 Bg5 34. Kg2 h6 35. Bg3 Rd2 36. Bf2 Re7 37. Rxd2 Bxd2 38. c4 Be3 39. Bg3 Bd4 40. Bb8 Re2+ 41. Kg3 Rxa2 0-1

[Event "Pic d'Anie op 3rd"]
[Site "Pic d'Anie"]
[Date "2006.08.10"]
[Round "4"]
[White "Gil, Ludovic"]
[Black "Bouhana, Paul Alexandre"]
[Result "0-1"]
[WhiteElo "1819"]
[BlackElo "2012"]
[PlyCount "106"]
[EventDate "2006.08.07"]
[EventType "swiss"]
[EventRounds "7"]
[EventCountry "FRA"]
[SourceTitle "CBM 113 Extra"]
[Source "ChessBase"]
[SourceDate "2006.09.14"]
[SourceVersion "1"]
[SourceVersionDate "2006.09.14"]
[SourceQuality "1"]

1. d4 d5 2. Nf3 Nf6 3. g3 e6 4. Bg2 c6 5. 0-0 Nbd7 6. b3 Bd6 7. Bb2 Qc7 8. Nbd2 0-0 9. c4 Re8 10. Rc1 b6 11. e3 Bb7 12. Re1 c5 13. cxd5 exd5 14. Ba3 Rac8 15. dxc5 bxc5 16. Bxc5 Nxc5 17. b4 Nd3 18. Rxc7 Rxc7 19. Rf1 Nxb4 20. Nd4 Ba6 21. Qa4 Bxf1 22. Bxf1 Bf8 23. a3 Na2 24. Nb5 Nc3 25. Nxc3 Rxc3 26. Qxa7 Rxa3 27. Qd4 Rb8 28. Qe5 Rb4 29. Kg2 Ra2 30. Nf3 Rxf2+ 31. Kxf2 Ng4+ 32. Kg2 Nxe5 33. Nxe5 Re4 34. Nc6 Rxe3 35. Kf2 Rc3 36. Ne5 Bc5+ 37. Ke1 Re3+ 38. Be2 Rxe5 39. Kd2 Rxe2+ 40. Kxe2 Kf8 41. h4 Ke7 42. g4 Kf6 43. g5+ Kf5 44. Kf3 Bd4 45. Kg3 Ke4 46. Kg4 Be3 47. h5 d4 48. h6 g6 49. Kh4 Kf3 50. Kh3 Bf4 51. Kh4 d3 52. Kh3 d2 53. Kh4 d1Q 0-1

[Event "Pic d'Anie op 3rd"]
[Site "Pic d'Anie"]
[Date "2006.08.09"]
[Round "3"]
[White "Prat, Eric"]
[Black "Bouhana, Paul Alexandre"]
[Result "0-1"]
[WhiteElo "1790"]
[BlackElo "2012"]
[PlyCount "48"]
[EventDate "2006.08.07"]
[EventType "swiss"]
[EventRounds "7"]
[EventCountry "FRA"]
[SourceTitle "CBM 113 Extra"]
[Source "ChessBase"]
[SourceDate "2006.09.14"]
[SourceVersion "1"]
[SourceVersionDate "2006.09.14"]
[SourceQuality "1"]

1. c4 c6 2. g3 d5 3. Bg2 Nf6 4. Nf3 e6 5. 0-0 Nbd7 6. b3 Bd6 7. Bb2 0-0 8. d3 Re8 9. Nbd2 e5 10. e3 Nc5 11. Qc2 Bf5 12. Ne1 Bf8 13. Rd1 Qc8 14. f4 Ng4 15. e4 Ne3 16. Qc1 Bg4 17. Ndf3 Nxd1 18. Qxd1 dxe4 19. dxe4 exf4 20. gxf4 Nxe4 21. Nd3 Qf5 22. Qa1 Nd2 23. Nde5 Nxf1 24. Ng5 Qxf4 0-1

[Event "FRA-ch U18"]
[Site "Calvi"]
[Date "2005.04.19"]
[Round "4"]
[White "Bouhana, Paul Alexandre"]
[Black "Bailet, Pierre"]
[Result "1-0"]
[WhiteElo "1994"]
[BlackElo "2090"]
[PlyCount "71"]
[EventDate "2005.04.??"]
[EventType "swiss"]
[EventRounds "9"]
[EventCountry "FRA"]
[SourceTitle "EXT 2006"]
[Source "ChessBase"]
[SourceDate "2005.11.24"]
[SourceVersion "1"]
[SourceVersionDate "2005.11.24"]
[SourceQuality "1"]

1. d4 Nf6 2. Nf3 e6 3. Bf4 c5 4. c3 Nc6 5. e3 Be7 6. h3 0-0 7. Bd3 d5 8. 0-0 b6 9. Nbd2 Bb7 10. Rc1 h6 11. Ne5 Nxe5 12. Bxe5 Bd6 13. Nf3 Qe7 14. Bxd6 Qxd6 15. Ne5 Nd7 16. f4 Nxe5 17. dxe5 Qd7 18. Qh5 d4 19. Rcd1 c4 20. Bxc4 Qc6 21. Qe2 dxe3 22. Rd6 Qc7 23. Rfd1 Rad8 24. Bb5 Rxd6 25. Rxd6 Rd8 26. Qd3 Rxd6 27. exd6 Qd8 28. c4 g5 29. f5 exf5 30. b4 g4 31. c5 bxc5 32. bxc5 f4 33. hxg4 Bxg2 34. Kxg2 Qg5 35. Kf3 Qh4 36. d7 1-0

[Event "FRA-ch U18"]
[Site "Calvi"]
[Date "2005.04.19"]
[Round "3"]
[White "Platel, Alexandre"]
[Black "Bouhana, Paul Alexandre"]
[Result "1/2-1/2"]
[WhiteElo "2149"]
[BlackElo "1994"]
[PlyCount "45"]
[EventDate "2005.04.??"]
[EventType "swiss"]
[EventRounds "9"]
[EventCountry "FRA"]
[SourceTitle "EXT 2006"]
[Source "ChessBase"]
[SourceDate "2005.11.24"]
[SourceVersion "1"]
[SourceVersionDate "2005.11.24"]
[SourceQuality "1"]

1. e4 e5 2. Nf3 Nc6 3. d4 exd4 4. Nxd4 Qh4 5. Nc3 Bb4 6. Be2 Nf6 7. 0-0 Bxc3 8. bxc3 Nxd4 9. cxd4 Nxe4 10. Bd3 d5 11. g3 Qf6 12. Ba3 Bd7 13. c4 0-0-0 14. Rc1 Qxd4 15. cxd5 Qxd5 16. Qf3 Nf6 17. Qf4 Bc6 18. Rxc6 Qxc6 19. Bf5+ Kb8 20. Rc1 Qb6 21. Bc5 Qa5 22. Bb4 Qb6 23. Bc5 1/2-1/2

[Event "FRA-ch op-B"]
[Site "Aix les Bains"]
[Date "2003.08.27"]
[Round "8"]
[White "Bouhana, Paul Alexandre"]
[Black "Soulaimonov, Veokhid"]
[Result "0-1"]
[WhiteElo "1840"]
[BlackElo "1910"]
[PlyCount "168"]
[EventDate "2003.08.19"]
[EventType "swiss"]
[EventRounds "9"]
[EventCountry "FRA"]
[SourceTitle "EXT 2004"]
[Source "ChessBase"]
[SourceDate "2003.11.25"]
[SourceVersion "1"]
[SourceVersionDate "2003.11.25"]
[SourceQuality "1"]

1. e4 c5 2. Nf3 d6 3. d4 cxd4 4. Nxd4 Nf6 5. Nc3 a6 6. Bd3 Qb6 7. 0-0 Nc6 8. Nb3 e6 9. Be3 Qc7 10. h3 b5 11. a3 Be7 12. Qd2 0-0 13. f4 Bb7 14. Rad1 Rac8 15. Nd4 Na5 16. Qe2 Nc4 17. Bc1 Qc5 18. Bxc4 Qxc4 19. Rfe1 d5 20. Qxc4 Rxc4 21. e5 Ne4 22. Nxe4 dxe4 23. Be3 Bd5 24. c3 Rb8 25. Nc2 a5 26. Bd2 Rc7 27. Nd4 Rc4 28. Rb1 Rc7 29. Rbd1 Bc5 30. Be3 Kf8 31. f5 Ke8 32. f6 g6 33. Kf2 b4 34. axb4 axb4 35. Rc1 Kd7 36. Red1 bxc3 37. bxc3 Rb2+ 38. Ne2 Ba3 39. Bd4 Bc4 40. Be3+ Kc6 41. Bd2 Rd7 42. Nd4+ Kd5 43. Ra1 Ba2 44. Kg3 Kxe5 45. Nc6+ Kxf6 46. Bg5+ Kxg5 47. Rxd7 e3 48. Re1 Bd5 49. h4+ Kh6 50. Ne5 f5 51. Nf3 Bf8 52. Rxe3 Bg7 53. Rc7 Rc2 54. c4 Rxc4 55. Rxc4 Bxc4 56. Ng5 e5 57. Nh3 f4+ 58. Nxf4 exf4+ 59. Kxf4 Kh5 60. Kg3 Bf6 61. Re4 Bd5 62. Ra4 Bc3 63. Kh3 Bf7 64. g4+ Kh6 65. Ra7 Kg7 66. Rc7 Be5 67. Rc5 Bd6 68. Rc6 Bf8 69. Kg3 Be7 70. Kh3 Bd5 71. Rc1 Be6 72. Re1 Kf7 73. Rf1+ Ke8 74. Rd1 h5 75. Re1 hxg4+ 76. Kg2 Kf7 77. h5 gxh5 78. Re5 h4 79. Kg1 Kf6 80. Ra5 Bf5 81. Kh2 Kg5 82. Ra4 Bd6+ 83. Kh1 h3 84. Rc4 g3 0-1

[Event "FRA-ch U16"]
[Site "Le Grand Bornand"]
[Date "2003.??.??"]
[Round "2.6"]
[White "Bouhana, Paul Alexandre"]
[Black "Platel, Alexandre"]
[Result "0-1"]
[WhiteElo "1990"]
[BlackElo "2136"]
[PlyCount "42"]
[EventDate "2003.??.??"]
[EventType "swiss"]
[EventRounds "9"]
[EventCountry "FRA"]
[SourceTitle "EXT 2004"]
[Source "ChessBase"]
[SourceDate "2003.11.25"]
[SourceVersion "1"]
[SourceVersionDate "2003.11.25"]
[SourceQuality "1"]

1. e4 e5 2. f4 Bc5 3. Nf3 d6 4. Nc3 Nc6 5. Na4 Nf6 6. Nxc5 dxc5 7. Bb5 Bd7 8. d3 Nd4 9. Bxd7+ Nxd7 10. Nxe5 Nxe5 11. fxe5 Qh4+ 12. g3 Qh3 13. Kf2 0-0 14. Bg5 f5 15. exf6 h6 16. c3 Nc6 17. Be3 Rxf6+ 18. Bf4 g5 19. Qb3+ Kh8 20. Qxb7 Raf8 21. Qxc7 gxf4 0-1